00633 2200229 4500001002100000005001500021035002000036007000300056008004100059020002200100082001000122084001600132100001800148245007300166250001100239260004200250300003200292650002300324700001400347700001200361520003000373INLIS00000000000327620190607085253 a0010-0619000025ta190607 g 0 ind  a978-602-7996-55-7 a153.8 a153.8 KEE r0 aKEEN, Achroni1 aRecharge Your Spirit /cKeen Achroni; penyunting, Tristanti, Swaesti acet. 1 a[s.l] :bTrans Idea Publishing,c2017 a258 hlm. :bilus. ;c21 cm. 4aPSIKOLOGI.MOTIVASI0 aTRISTANTI0 aSWAESTI aBibliografi: hlm. 256-258